| 000 | 00717nam a2200241Ia 4500 | ||
|---|---|---|---|
| 001 | 17911 | ||
| 003 | GE_BSU | ||
| 008 | 181216s||||||||xx |||||||||||||| ||und|| | ||
| 040 | _cGE_BSU | ||
| 080 | _a624.131 | ||
| 100 | _aЦытович,Н.А. | ||
| 245 | _aМеханика грунтов. | ||
| 245 | _bУчебное пособие. | ||
| 245 | _cРед. Н.А.Быстровская. | ||
| 250 | _aИзд. четвертое, вновь перер. и дополненное. | ||
| 260 | _aМ. | ||
| 260 | _bГосстройиздат. | ||
| 260 | _c1963. | ||
| 300 | _a636 стр. 22 см. | ||
| 300 | _eБиблиогр.: стр. 633-634. | ||
| 653 | _aМеханика грунтов. | ||
| 942 | _cBK | ||
| 999 |
_c50954 _d50954 |
||